01122nam a2200241Ia 4500008004100000020001800041082001600059100002100075245011300096250002200209300005500231490002000286500007600306505017800382650010900560700004400669264002900713336002700742337003300769338002800802040003500830999001500865161108s9999 xx 000 0 und d a9788434233683 a751.49 S15p aSanmiguel, David aPintura al pastel /c [textos:b David SanMiguel ; dibujos y ejercicios:b Oscar Sanchís, Mercedes gaspar] aPrimera edición a159 páginas :b fotografías en color ;c 29 cm aAula de pintura aIncluye glosario \\ Mención de responsabilidad tomada de preliminares aLos materiales del pastelista -- Técnicas elementales para pintar al pastel -- Técnicas de dibujo y coloreado -- El pastel y la figura humana -- Paso a paso -- Glosario aDibujo Al Pastel / Dibujo Al Pastel - Ense{Aelig}Anza / Dibujo Al Pastel - Manuales / Pintura - Manuales aSanchís, {hooka}scar Gaspar, Mercedes aBarcelona :b Parramón atextobtxt2rdacontent asin mediaciónbn2rdamedia avolumenbnc2rdacarrier aCO-BoRNBPbspaerdacCO-BoRNBP c7439d7439